[Event "45. Torneo Internacional La Roda 2018"]
[Site "La Roda ESP"]
[Date "2018.03.30"]
[Round "5.10"]
[White "Castellanos Gomez, Alejandro"]
[Black "Popovic, Dusan"]
[Result "0-1"]
[WhiteElo "2224"]
[BlackElo "2534"]
[PlyCount "98"]
[EventDate "2018.03.28"]
[EventType "swiss"]
[EventRounds "9"]
[EventCountry "ESP"]
[SourceTitle "Ajedrez en Madrid"]
[Source "lmi"]
[SourceDate "2018.03.28"]

1. d4 g6 2. Nf3 Bg7 3. Nc3 d6 4. e4 Nf6 5. Bf4 Bg4 6. Be2 O-O 7. O-O Nc6 8. d5
e5 9. Be3 Ne7 10. Nd2 Bd7 11. f4 exf4 12. Bxf4 c6 13. Kh1 cxd5 14. Bg5 d4 15.
Ncb1 Ne8 16. c3 Nc7 17. Nf3 Ne6 18. Bh4 Bc6 19. Nxd4 Nxd4 20. cxd4 Bxe4 21. Nc3
d5 22. Qb3 Qd7 23. Nxe4 dxe4 24. Bb5 Qd6 25. Rae1 Nf5 26. Rxe4 Nxd4 27. Qd3
Nxb5 28. Qxb5 Qc6 29. Qxc6 bxc6 30. b3 Rfe8 31. Rfe1 Rxe4 32. Rxe4 h6 33. Bf2
Rd8 34. h4 Rd2 35. Bxa7 Rxa2 36. Bd4 f5 37. Re8+ Kf7 38. Rd8 Ke7 39. Bb6 Ra6
40. Bc7 Be5 41. Bxe5 Kxd8 42. b4 Kd7 43. Bg7 Rb6 44. Bf8 Rb8 45. Bc5 Ke6 46.
Kh2 f4 47. Kg1 Kf5 48. Kf2 Kg4 49. Ke2 Re8+ 0-1

[Event "45. Torneo Internacional La Roda 2018"]
[Site "La Roda ESP"]
[Date "2018.03.30"]
[Round "5.11"]
[White "Forcen Esteban, Daniel"]
[Black "Rodriguez Melendez, Juan Humbert"]
[Result "1-0"]
[WhiteElo "2564"]
[BlackElo "2165"]
[PlyCount "43"]
[EventDate "2018.03.28"]
[EventType "swiss"]
[EventRounds "9"]
[EventCountry "ESP"]
[SourceTitle "Ajedrez en Madrid"]
[Source "lmi"]
[SourceDate "2018.03.28"]

1. c4 Nf6 2. Nc3 g6 3. e4 d6 4. d4 Bg7 5. h3 O-O 6. Be3 c5 7. d5 e6 8. Bd3 exd5
9. exd5 Na6 10. Nf3 Nc7 11. a4 b6 12. O-O a6 13. Qd2 Bd7 14. Bg5 Qc8 15. Qf4
Nce8 16. Rfe1 Nh5 17. Qh4 Bf5 18. Bxf5 Qxf5 19. g4 Qd3 20. Re3 Qxc4 21. gxh5
Qxh4 22. Bxh4 1-0

[Event "45. Torneo Internacional La Roda 2018"]
[Site "La Roda ESP"]
[Date "2018.03.30"]
[Round "5.12"]
[White "Lariño Nieto, David"]
[Black "Garcia Dorado, Alberto"]
[Result "1-0"]
[WhiteElo "2452"]
[BlackElo "2158"]
[PlyCount "133"]
[EventDate "2018.03.28"]
[EventType "swiss"]
[EventRounds "9"]
[EventCountry "ESP"]
[SourceTitle "Ajedrez en Madrid"]
[Source "lmi"]
[SourceDate "2018.03.28"]

1. d3 d5 2. g3 Nf6 3. Bg2 e6 4. c4 Be7 5. Nd2 O-O 6. Ngf3 c5 7. O-O Nc6 8. h3
b6 9. b3 Bb7 10. Bb2 d4 11. a3 a5 12. Qc2 Qc7 13. Rfe1 Bd6 14. e3 e5 15. exd4
exd4 16. Ng5 h6 17. Nge4 Nxe4 18. Nxe4 Rfe8 19. Qd1 Re6 20. f4 f5 21. Nxd6
Rxe1+ 22. Qxe1 Qxd6 23. Qe2 Rf8 24. Bd5+ Kh7 25. Re1 Bc8 26. Qh5 Ne7 27. Bg2
Bd7 28. Re5 Ng6 29. Re1 Bc6 30. Bxc6 Qxc6 31. Qe2 Rf7 32. Kf2 Re7 33. Qd1 Qd6
34. Bc1 Rxe1 35. Qxe1 Qc6 36. Bd2 Qd6 37. b4 axb4 38. axb4 Nf8 39. b5 Ne6 40.
Qh1 Nf8 41. Qb7 Qe6 42. Qa8 Kg8 43. Kf3 Kf7 44. Qb7+ Kg8 45. Qb8 Kf7 46. Qb7+
Kg8 47. Kf2 Kh7 48. Qf3 Kg8 49. g4 g6 50. Kf1 Kh8 51. Be1 Kg8 52. Bh4 Nd7 53.
Qa8+ Kf7 54. Qf3 Kf8 55. gxf5 Qxf5 56. Kg2 Kf7 57. Bd8 Ke8 58. Bc7 Qf6 59. Qa8+
Kf7 60. Qb7 Qe7 61. Qd5+ Kg7 62. Kf1 Nf6 63. Be5 Kh7 64. Qa8 g5 65. Qc6 Qd7 66.
Kg2 Qa7 67. Qxf6 1-0

[Event "45. Torneo Internacional La Roda 2018"]
[Site "La Roda ESP"]
[Date "2018.03.30"]
[Round "5.13"]
[White "Merario Alarcon, Andres"]
[Black "Ramos Del Campo, Alexander"]
[Result "1-0"]
[WhiteElo "2384"]
[BlackElo "2154"]
[PlyCount "53"]
[EventDate "2018.03.28"]
[EventType "swiss"]
[EventRounds "9"]
[EventCountry "ESP"]
[SourceTitle "Ajedrez en Madrid"]
[Source "lmi"]
[SourceDate "2018.03.28"]

1. d4 Nf6 2. c4 e6 3. Nf3 Bb4+ 4. Nbd2 O-O 5. a3 Be7 6. e4 d5 7. e5 Nfd7 8. Bd3
c5 9. Qc2 g6 10. cxd5 exd5 11. e6 fxe6 12. Bxg6 hxg6 13. Qxg6+ Kh8 14. Ne4 dxe4
15. Qh5+ Kg8 16. Bh6 Rf6 17. Qg4+ Kf7 18. Ng5+ Kg6 19. Nxe6+ Kf7 20. Nxd8+ Bxd8
21. Qg7+ Ke6 22. O-O-O c4 23. Qg8+ Kd6 24. Qxd8 Nc6 25. Qh8 b5 26. Bg5 Rg6 27.
Bf4+ 1-0

[Event "45. Torneo Internacional La Roda 2018"]
[Site "La Roda ESP"]
[Date "2018.03.30"]
[Round "5.14"]
[White "Ramiro Ovejero, Juan Luis"]
[Black "Dias, Ivo Rodrigues"]
[Result "1-0"]
[WhiteElo "2374"]
[BlackElo "2147"]
[PlyCount "53"]
[EventDate "2018.03.28"]
[EventType "swiss"]
[EventRounds "9"]
[EventCountry "ESP"]
[SourceTitle "Ajedrez en Madrid"]
[Source "lmi"]
[SourceDate "2018.03.28"]

1. e4 c5 2. Nf3 e6 3. d4 cxd4 4. Nxd4 Nc6 5. c4 Nf6 6. Nc3 Bb4 7. Nxc6 bxc6 8.
Bd3 e5 9. O-O O-O 10. Be3 d6 11. h3 Be6 12. Na4 c5 13. Rc1 Nd7 14. Be2 Qe7 15.
Nc3 Bxc3 16. Rxc3 Nb8 17. f4 Nc6 18. f5 Bd7 19. f6 gxf6 20. Bh6 Kh8 21. Bxf8
Rxf8 22. Rg3 Nd4 23. Bg4 Rg8 24. Kh2 Be6 25. b3 Rb8 26. Bf5 a5 27. Bxh7 1-0

[Event "45. Torneo Internacional La Roda 2018"]
[Site "La Roda ESP"]
[Date "2018.03.30"]
[Round "5.15"]
[White "Romero Calduch, Sergio"]
[Black "Gonzalez Trigal, Jose Luis"]
[Result "0-1"]
[WhiteElo "2174"]
[BlackElo "2374"]
[PlyCount "70"]
[EventDate "2018.03.28"]
[EventType "swiss"]
[EventRounds "9"]
[EventCountry "ESP"]
[SourceTitle "Ajedrez en Madrid"]
[Source "lmi"]
[SourceDate "2018.03.28"]

1. d4 Nf6 2. Nf3 g6 3. g3 d5 4. Bg2 Bg7 5. O-O O-O 6. c4 c6 7. b3 dxc4 8. bxc4
c5 9. e3 Nc6 10. Bb2 Qb6 11. Qb3 Ne4 12. Nc3 Nxc3 13. Bxc3 cxd4 14. Qxb6 axb6
15. Nxd4 Ne5 16. Rfb1 Nd7 17. Rb4 Rd8 18. Nb5 Ne5 19. Bd4 Nc6 20. Rb3 Nxd4 21.
Nxd4 e5 22. Nf3 e4 23. Nd4 Bxd4 24. exd4 Rxd4 25. Rxb6 Rxa2 26. Re1 f5 27. c5
Rc2 28. f3 Rdd2 29. Bf1 exf3 30. Re8+ Kf7 31. Rxc8 Rc1 32. Rxb7+ Kf6 33. Rb6+
Kg7 34. Rc7+ Kh6 35. Rd6 Rg2+ 0-1

[Event "45. Torneo Internacional La Roda 2018"]
[Site "La Roda ESP"]
[Date "2018.03.30"]
[Round "5.16"]
[White "Dan, Teodor"]
[Black "Martinez Lopez, David"]
[Result "1/2-1/2"]
[WhiteElo "2164"]
[BlackElo "2368"]
[PlyCount "101"]
[EventDate "2018.03.28"]
[EventType "swiss"]
[EventRounds "9"]
[EventCountry "ESP"]
[SourceTitle "Ajedrez en Madrid"]
[Source "lmi"]
[SourceDate "2018.03.28"]

1. d4 e6 2. c4 Nf6 3. Nc3 Bb4 4. Qc2 d6 5. Bd2 O-O 6. a3 Bxc3 7. Bxc3 b6 8. e4
Bb7 9. Bd3 c5 10. Nf3 cxd4 11. Nxd4 Nbd7 12. O-O Ne5 13. Rfe1 Qe7 14. Rad1 Rfc8
15. b3 a6 16. f3 Nh5 17. Bf1 Qc7 18. Rc1 Nf6 19. a4 Ng6 20. Qd2 Qb8 21. Red1
Rd8 22. a5 bxa5 23. Bxa5 Rd7 24. Qb4 Qe8 25. Rc3 Rb8 26. Qa3 Qc8 27. Bb4 Qd8
28. Nc2 Qb6+ 29. Kh1 Qf2 30. Qc1 Rbd8 31. Qe3 Qh4 32. Kg1 Qh5 33. Rcd3 d5 34.
exd5 exd5 35. Bc3 Re8 36. Qd2 Qf5 37. Nd4 Qh5 38. Nc2 Qf5 39. Ne3 Qe6 40. Bxf6
Qxf6 41. Nxd5 Bxd5 42. cxd5 Red8 43. Rd4 Qb6 44. Bc4 Ne7 45. Kh1 Nf5 46. Re4
Nd6 47. Qd4 Qb7 48. Re2 Nf5 49. Qd3 g6 50. Bxa6 Rxd5 51. Bxb7 1/2-1/2

[Event "45. Torneo Internacional La Roda 2018"]
[Site "La Roda ESP"]
[Date "2018.03.30"]
[Round "5.17"]
[White "Redondo Benavente, Ana"]
[Black "Perez Garcia, Alejandro"]
[Result "0-1"]
[WhiteElo "2136"]
[BlackElo "2355"]
[PlyCount "40"]
[EventDate "2018.03.28"]
[EventType "swiss"]
[EventRounds "9"]
[EventCountry "ESP"]
[SourceTitle "Ajedrez en Madrid"]
[Source "lmi"]
[SourceDate "2018.03.28"]

1. d4 Nf6 2. Bf4 d5 3. e3 c5 4. c3 Nc6 5. Nd2 e6 6. Ngf3 Bd6 7. Bg3 O-O 8. Bb5
Be7 9. Bd3 b6 10. Ne5 Bb7 11. O-O Nxe5 12. dxe5 Ne4 13. Nxe4 dxe4 14. Bc2 Qxd1
15. Rfxd1 Bc6 16. a4 g5 17. a5 b5 18. f4 exf3 19. gxf3 Bxf3 20. Rd7 Rfe8 0-1

[Event "45. Torneo Internacional La Roda 2018"]
[Site "La Roda ESP"]
[Date "2018.03.30"]
[Round "5.18"]
[White "Valhondo Morales, Ruben"]
[Black "Guerra Rivera, Salvador"]
[Result "0-1"]
[WhiteElo "2127"]
[BlackElo "2350"]
[PlyCount "94"]
[EventDate "2018.03.28"]
[EventType "swiss"]
[EventRounds "9"]
[EventCountry "ESP"]
[SourceTitle "Ajedrez en Madrid"]
[Source "lmi"]
[SourceDate "2018.03.28"]

1. g3 Nf6 2. Bg2 g6 3. e4 d6 4. d4 Bg7 5. Ne2 O-O 6. O-O Nbd7 7. h3 e5 8. d5
Nc5 9. Nbc3 a5 10. Be3 Re8 11. a3 a4 12. Nc1 b6 13. N1a2 Bd7 14. Nb4 Rf8 15.
Kh2 Qe8 16. g4 h5 17. f3 Kh7 18. Qe2 Ng8 19. Rae1 f5 20. g5 Ne7 21. Rg1 Rc8 22.
Rd1 Rf7 23. Rd2 Rd8 24. Rdd1 Nc8 25. Bf1 Na7 26. h4 Qf8 27. Bh3 Qe7 28. Rgf1
Rdf8 29. Kg2 Qe8 30. Kh2 Kh8 31. Qg2 Nb5 32. Ne2 Nd4 33. exf5 Bxf5 34. Nxd4
exd4 35. Bd2 Bxh3 36. Kxh3 Qd7+ 37. Kh2 Qf5 38. Rde1 d3 39. c3 Nb3 40. Be3 Re7
41. f4 Rfe8 42. Qf2 Nc5 43. Bd4 Re2 44. Kg1 Qg4+ 45. Kh1 Ne4 46. Bxg7+ Kxg7 47.
Rxe2 dxe2 0-1

[Event "45. Torneo Internacional La Roda 2018"]
[Site "La Roda ESP"]
[Date "2018.03.30"]
[Round "5.20"]
[White "Lopez Mulet, Inigo"]
[Black "Sanchez Dengra, Jose Maria"]
[Result "1-0"]
[WhiteElo "2341"]
[BlackElo "2130"]
[PlyCount "105"]
[EventDate "2018.03.28"]
[EventType "swiss"]
[EventRounds "9"]
[EventCountry "ESP"]
[SourceTitle "Ajedrez en Madrid"]
[Source "lmi"]
[SourceDate "2018.03.28"]

1. d4 Nf6 2. c4 e6 3. g3 d5 4. Bg2 Be7 5. Nf3 O-O 6. O-O dxc4 7. Qc2 b5 8. a4
b4 9. Nfd2 c6 10. Nxc4 Qxd4 11. Be3 Qd8 12. Rd1 Nd5 13. Bf4 Qe8 14. Bd6 Ba6 15.
Nbd2 Nd7 16. a5 Bxd6 17. Nxd6 Qe7 18. N2c4 Ne5 19. e4 Nxc4 20. Nxc4 Rac8 21.
Rd2 Bxc4 22. Qxc4 Nf6 23. Rad1 h6 24. h3 e5 25. Rd6 c5 26. Bf3 Rc7 27. b3 Rb8
28. Kg2 Kh7 29. Be2 Ne8 30. R6d2 Nf6 31. Qc2 g6 32. h4 h5 33. f3 Kg7 34. Bc4
Rd7 35. Rxd7 Nxd7 36. Qd2 Nf6 37. Qd6 Qxd6 38. Rxd6 Rb7 39. Rc6 Rd7 40. Rxc5
Rd2+ 41. Kf1 Ne8 42. Bd5 Ra2 43. Bc6 Nc7 44. Rxe5 Ne6 45. Rd5 Rc2 46. Rd6 Rc3
47. Bd5 Rxf3+ 48. Kg2 Rc3 49. Rd7 Kf6 50. Rxa7 Rc2+ 51. Kf1 Rc3 52. a6 Rxg3 53.
Rxf7+ 1-0

[Event "45. Torneo Internacional La Roda 2018"]
[Site "La Roda ESP"]
[Date "2018.03.30"]
[Round "5.21"]
[White "Martinez Fernandez, Adrian"]
[Black "Lacruz Algarate, Alvaro"]
[Result "1-0"]
[WhiteElo "2306"]
[BlackElo "2113"]
[PlyCount "93"]
[EventDate "2018.03.28"]
[EventType "swiss"]
[EventRounds "9"]
[EventCountry "ESP"]
[SourceTitle "Ajedrez en Madrid"]
[Source "lmi"]
[SourceDate "2018.03.28"]

1. e4 c5 2. Nf3 e6 3. d4 cxd4 4. Nxd4 a6 5. Nc3 Qc7 6. Bd3 Nf6 7. O-O d6 8. Qe2
Nbd7 9. Bd2 Be7 10. Kh1 O-O 11. f4 Nc5 12. Rac1 b5 13. b4 Nxd3 14. cxd3 Qd7 15.
Rf3 Re8 16. f5 e5 17. Nc2 Bb7 18. Rh3 Rac8 19. g4 h6 20. Kg1 Nh7 21. Ne3 Bg5
22. Ned5 Bxd5 23. exd5 Rxc3 24. Rxc3 Bxd2 25. Qxd2 Nf6 26. Rg3 Nxd5 27. Rc1
Qa7+ 28. Qf2 Qxf2+ 29. Kxf2 Nxb4 30. a3 Nd5 31. Rc6 Rd8 32. Rxa6 b4 33. axb4
Nxb4 34. Rb6 Nd5 35. Rb7 Nf6 36. h4 Nd5 37. Rg1 Nf4 38. Ke3 Ra8 39. Rc1 h5 40.
gxh5 Nxh5 41. Rcc7 Rf8 42. Kf3 Nf6 43. Re7 Kh7 44. Rxf7 Rxf7 45. Rxf7 Kg8 46.
Rxf6 gxf6 47. Ke4 1-0

[Event "45. Torneo Internacional La Roda 2018"]
[Site "La Roda ESP"]
[Date "2018.03.31"]
[Round "6.1"]
[White "Fedorchuk, Sergey A."]
[Black "Cifuentes Parada, Roberto"]
[Result "1-0"]
[WhiteElo "2642"]
[BlackElo "2465"]
[PlyCount "89"]
[EventDate "2018.03.28"]
[EventType "swiss"]
[EventRounds "9"]
[EventCountry "ESP"]
[SourceTitle "Ajedrez en Madrid"]
[Source "lmi"]
[SourceDate "2018.03.28"]

1. e4 c5 2. Nf3 e6 3. d4 cxd4 4. Nxd4 Nc6 5. Nc3 d6 6. g4 h6 7. Nb3 a6 8. Bg2
Nge7 9. Be3 b5 10. Qe2 Bb7 11. f4 Na5 12. Nxa5 Qxa5 13. Qf2 Rc8 14. a3 Qc7 15.
O-O Ng6 16. h4 Be7 17. h5 Nf8 18. Bb6 Qb8 19. Bd4 Bf6 20. e5 Be7 21. exd6 Bxd6
22. Bxb7 Qxb7 23. Rad1 Qc6 24. Qg2 Qxg2+ 25. Kxg2 Be7 26. Kf3 f6 27. Rf2 Rd8
28. Rfd2 Nd7 29. Ne4 e5 30. fxe5 fxe5 31. Be3 O-O+ 32. Ke2 Nf6 33. Nxf6+ Bxf6
34. Rxd8 Rxd8 35. Rxd8+ Bxd8 36. Kd3 Kf7 37. c4 Ke6 38. cxb5 axb5 39. Ke4 Be7
40. Bc1 b4 41. a4 b3 42. Bd2 Bf6 43. Bc3 Kd6 44. a5 Kc6 45. Bxe5 1-0

[Event "45. Torneo Internacional La Roda 2018"]
[Site "La Roda ESP"]
[Date "2018.03.31"]
[Round "6.2"]
[White "Vasquez Schroeder, Rodrigo"]
[Black "Perez Candelario, Manuel"]
[Result "0-1"]
[WhiteElo "2527"]
[BlackElo "2586"]
[PlyCount "182"]
[EventDate "2018.03.28"]
[EventType "swiss"]
[EventRounds "9"]
[EventCountry "ESP"]
[SourceTitle "Ajedrez en Madrid"]
[Source "lmi"]
[SourceDate "2018.03.28"]

1. d4 Nf6 2. c4 g6 3. Nc3 Bg7 4. e4 d6 5. Nf3 O-O 6. Be2 Nbd7 7. O-O e5 8. Be3
Re8 9. d5 Nh5 10. g3 Bf8 11. Ne1 Ng7 12. Nd3 Be7 13. Qd2 f5 14. f3 a5 15. Rae1
b6 16. Bd1 Nf6 17. Bh6 Bd7 18. Ba4 Bxa4 19. Nxa4 fxe4 20. Bxg7 Kxg7 21. fxe4 h5
22. Nc3 h4 23. Nf2 hxg3 24. hxg3 Nh5 25. Ne2 Bg5 26. Qd3 Rf8 27. Nh3 Qe7 28.
Rxf8 Rxf8 29. Rf1 Rxf1+ 30. Kxf1 Bh6 31. b3 Nf6 32. Nf2 Nd7 33. Nc3 Nf6 34. Nb5
Qd7 35. Kg2 Kf7 36. Qf3 Kg7 37. Kf1 Bg5 38. Ke2 Kf7 39. Kd3 Ke8 40. Kc2 Kd8 41.
Nc3 Qh7 42. Ne2 Ke7 43. a3 Qh8 44. Kd3 Qh2 45. Nd1 Qh3 46. Kc2 Ng4 47. b4 axb4
48. axb4 Nf6 49. Kb3 Bd2 50. Nf2 Qf1 51. Qd3 Qe1 52. Nh3 Bxb4 53. Ng5 Ba5 54.
Ne6 c5 55. Nc7 Qh1 56. Nb5 Nxe4 57. Na7 Kd7 58. Nc6 Nd2+ 59. Kb2 e4 60. Qc2 Qe1
61. Nf4 Qxg3 62. Nxg6 Qxg6 63. Nxa5 bxa5 64. Qxd2 Qf6+ 65. Kb3 Qa1 66. Qg5 Qb1+
67. Ka3 Qb4+ 68. Ka2 Qxc4+ 69. Ka3 Qc3+ 70. Ka2 Qe5 71. Qg8 e3 72. Qf7+ Kc8 73.
Qg8+ Kb7 74. Qh7+ Kb6 75. Qb1+ Kc7 76. Qh7+ Kd8 77. Qg8+ Ke7 78. Qh7+ Kf6 79.
Qh6+ Kf5 80. Qh5+ Kf4 81. Qh2+ Kg5 82. Qg2+ Kf6 83. Qf3+ Ke7 84. Qh1 e2 85.
Qh7+ Kf6 86. Qh6+ Kf5 87. Qh5+ Kf4 88. Qh6+ Kf3 89. Qh3+ Kf2 90. Qh4+ Qg3 91.
Qf6+ Kg1 0-1

[Event "45. Torneo Internacional La Roda 2018"]
[Site "La Roda ESP"]
[Date "2018.03.31"]
[Round "6.3"]
[White "Ibarra Jerez, Jose Carlos"]
[Black "Oratovsky, Michael"]
[Result "1/2-1/2"]
[WhiteElo "2569"]
[BlackElo "2445"]
[PlyCount "51"]
[EventDate "2018.03.28"]
[EventType "swiss"]
[EventRounds "9"]
[EventCountry "ESP"]
[SourceTitle "Ajedrez en Madrid"]
[Source "lmi"]
[SourceDate "2018.03.28"]

1. Nf3 c5 2. e4 e6 3. c3 d5 4. exd5 Qxd5 5. d4 Nf6 6. Be3 cxd4 7. cxd4 Bb4+ 8.
Nc3 O-O 9. Bd3 b6 10. O-O Bxc3 11. bxc3 Ba6 12. Bxa6 Nxa6 13. Ne5 Rac8 14. c4
Qb7 15. Qb3 Nb8 16. a4 Nc6 17. Nxc6 Qxc6 18. Rfc1 Ng4 19. h3 Nxe3 20. Qxe3 Rfd8
21. a5 Qd7 22. axb6 axb6 23. d5 exd5 24. cxd5 Rxc1+ 25. Rxc1 Qxd5 26. Qxb6
1/2-1/2

[Event "45. Torneo Internacional La Roda 2018"]
[Site "La Roda ESP"]
[Date "2018.03.31"]
[Round "6.4"]
[White "Ladron De Guevara Pinto, Paolo"]
[Black "Epishin, Vladimir"]
[Result "1/2-1/2"]
[WhiteElo "2422"]
[BlackElo "2551"]
[PlyCount "48"]
[EventDate "2018.03.28"]
[EventType "swiss"]
[EventRounds "9"]
[EventCountry "ESP"]
[SourceTitle "Ajedrez en Madrid"]
[Source "lmi"]
[SourceDate "2018.03.28"]

1. e4 c6 2. d4 d5 3. exd5 cxd5 4. Bd3 Nf6 5. c3 g6 6. Bf4 Nc6 7. Nf3 Bg7 8. O-O
O-O 9. Re1 Bf5 10. Bxf5 gxf5 11. Ne5 Rc8 12. Nd2 Ne4 13. Nd3 f6 14. Nxe4 fxe4
15. Nc5 e5 16. Ne6 Qe7 17. Nxg7 exf4 18. Nf5 Qc7 19. c4 Qd7 20. Qg4+ Kh8 21.
Rad1 Nb4 22. h3 Rxc4 23. Qxf4 Rc2 24. Qh6 Rcc8 1/2-1/2

[Event "45. Torneo Internacional La Roda 2018"]
[Site "La Roda ESP"]
[Date "2018.03.31"]
[Round "6.5"]
[White "Perez Garcia, Alejandro"]
[Black "Forcen Esteban, Daniel"]
[Result "0-1"]
[WhiteElo "2355"]
[BlackElo "2564"]
[PlyCount "96"]
[EventDate "2018.03.28"]
[EventType "swiss"]
[EventRounds "9"]
[EventCountry "ESP"]
[SourceTitle "Ajedrez en Madrid"]
[Source "lmi"]
[SourceDate "2018.03.28"]

1. e4 e5 2. Nf3 Nc6 3. Bc4 Nf6 4. d3 Bc5 5. c3 O-O 6. O-O d5 7. exd5 Nxd5 8.
Re1 Re8 9. d4 Bb6 10. dxe5 Be6 11. Ng5 h6 12. Nxe6 fxe6 13. Qg4 Qe7 14. Bxd5
exd5 15. Bf4 Rf8 16. g3 Rae8 17. Nd2 Bxf2+ 18. Kxf2 Nxe5 19. Rxe5 Qxe5 20. Nf3
Qe2+ 21. Kg1 Qxb2 22. Rf1 Qxc3 23. Bxh6 Re2 24. Bf4 c6 25. Ng5 Qd4+ 26. Kh1 Qd3
27. Qh3 d4 28. Rf3 Qc2 29. Qf1 Rfe8 30. Be5 R2xe5 31. Re3 Qg6 32. Qc4+ Rd5 33.
Qd3 Rxg5 34. Qxg6 Rxg6 35. Rxe8+ Kh7 36. Rd8 c5 37. Kg2 Ra6 38. Kf3 Rxa2 39. h4
a5 40. g4 a4 41. Kf4 a3 42. Kg5 Rf2 43. Kh5 a2 44. Ra8 d3 45. Ra7 d2 46. Rxa2
d1=Q 47. Rxf2 Qd5+ 48. g5 Qd1+ 0-1

[Event "45. Torneo Internacional La Roda 2018"]
[Site "La Roda ESP"]
[Date "2018.03.31"]
[Round "6.6"]
[White "Korneev, Oleg"]
[Black "Gines Esteo, Pedro Antonio"]
[Result "1/2-1/2"]
[WhiteElo "2557"]
[BlackElo "2356"]
[PlyCount "119"]
[EventDate "2018.03.28"]
[EventType "swiss"]
[EventRounds "9"]
[EventCountry "ESP"]
[SourceTitle "Ajedrez en Madrid"]
[Source "lmi"]
[SourceDate "2018.03.28"]

1. e4 c6 2. c4 d5 3. exd5 Nf6 4. Nc3 cxd5 5. cxd5 Nxd5 6. Nf3 Nc6 7. Bb5 g6 8.
Qb3 a6 9. Ba4 Nb6 10. Ne5 Be6 11. Nxc6 Bxb3 12. Nxd8+ Bxa4 13. Nxa4 Nxa4 14.
Nxb7 Bg7 15. Rb1 Rb8 16. Na5 Nxb2 17. Bxb2 Rxb2 18. Rxb2 Bxb2 19. Ke2 Kd7 20.
Rb1 Bd4 21. Rb7+ Ke6 22. Nb3 Rd8 23. Rb4 Ba7 24. Re4+ Kf6 25. Rf4+ Ke6 26. Re4+
Kf6 27. Rf4+ Ke6 28. Ra4 Rd6 29. d4 Kf6 30. f4 Re6+ 31. Kf3 Rc6 32. Ke4 Re6+
33. Kf3 Rc6 34. Ra5 h5 35. h3 e6 36. g4 Rc3+ 37. Ke4 Rxh3 38. Rxa6 Bb8 39. g5+
Kg7 40. Nc5 Rh4 41. Nd3 f5+ 42. gxf6+ Kxf6 43. Ne5 Bxe5 44. dxe5+ Ke7 45. Ra7+
Kf8 46. Ra8+ Kf7 47. Ra7+ Kf8 48. Kf3 g5 49. fxg5 Rg4 50. a4 Rxg5 51. Kf4 Rg4+
52. Kf3 Rg5 53. Ra8+ Kf7 54. a5 Rxe5 55. a6 Ra5 56. a7 Kg7 57. Re8 Rxa7 58.
Rxe6 Rf7+ 59. Kg3 Rf6 60. Rxf6 1/2-1/2

[Event "45. Torneo Internacional La Roda 2018"]
[Site "La Roda ESP"]
[Date "2018.03.31"]
[Round "6.7"]
[White "Popovic, Dusan"]
[Black "Guerra Rivera, Salvador"]
[Result "1/2-1/2"]
[WhiteElo "2534"]
[BlackElo "2350"]
[PlyCount "39"]
[EventDate "2018.03.28"]
[EventType "swiss"]
[EventRounds "9"]
[EventCountry "ESP"]
[SourceTitle "Ajedrez en Madrid"]
[Source "lmi"]
[SourceDate "2018.03.28"]

1. e4 e6 2. d4 d5 3. Nd2 Be7 4. Ngf3 Nf6 5. e5 Nfd7 6. Bd3 c5 7. c3 Nc6 8. O-O
g5 9. b4 cxb4 10. cxb4 Nxb4 11. Be2 Nf8 12. Nb3 Ng6 13. Be3 h6 14. Ne1 Bd7 15.
a3 Nc6 16. Nd3 Na5 17. Nxa5 Qxa5 18. f4 gxf4 19. Nxf4 Nxf4 20. Bxf4 1/2-1/2

[Event "45. Torneo Internacional La Roda 2018"]
[Site "La Roda ESP"]
[Date "2018.03.31"]
[Round "6.8"]
[White "Lariño Nieto, David"]
[Black "Lopez Mulet, Inigo"]
[Result "0-1"]
[WhiteElo "2452"]
[BlackElo "2341"]
[PlyCount "112"]
[EventDate "2018.03.28"]
[EventType "swiss"]
[EventRounds "9"]
[EventCountry "ESP"]
[SourceTitle "Ajedrez en Madrid"]
[Source "lmi"]
[SourceDate "2018.03.28"]

1. e3 d5 2. Nf3 Nf6 3. c4 e6 4. b3 Bd6 5. Bb2 Nbd7 6. Nc3 a6 7. g4 h6 8. Rg1
dxc4 9. bxc4 e5 10. d4 exd4 11. Nxd4 Ne5 12. Be2 Qe7 13. a3 g5 14. h3 Rg8 15.
Qb3 c5 16. Nf3 Bd7 17. O-O-O Bc6 18. Rxd6 Nxf3 19. Rgd1 Nd4 20. R6xd4 cxd4 21.
exd4 O-O-O 22. d5 Be8 23. Bf3 Qd6 24. Kb1 Nd7 25. Na4 Nc5 26. Nxc5 Qxc5 27. Bd4
Qa5 28. Bb6 Qa4 29. Qe3 Rd6 30. Qc5+ Rc6 31. Qe3 Rxc4 32. Rd2 Bd7 33. Bd1 Qb5+
34. Bb3 Re8 35. Qd3 Re1+ 36. Kb2 Rcc1 37. Rc2+ Rxc2+ 38. Qxc2+ Bc6 39. Be3 Re2
40. Bd2 Qb6 41. Kc1 Rxd2 42. Kxd2 Qxf2+ 43. Kc1 Qxc2+ 44. Kxc2 Bb5 45. Kd2 Bf1
46. h4 gxh4 47. Ke1 Bg2 48. Kf2 h3 49. d6 Kd7 50. Bxf7 Kxd6 51. Kg3 Kc5 52. Be6
Kb5 53. Bb3 Kc5 54. Be6 Kd4 55. Bd7 b5 56. Be8 Ke5 0-1

[Event "45. Torneo Internacional La Roda 2018"]
[Site "La Roda ESP"]
[Date "2018.03.31"]
[Round "6.9"]
[White "Moreno Ibanez, Miguel"]
[Black "Campora, Daniel H."]
[Result "0-1"]
[WhiteElo "2270"]
[BlackElo "2419"]
[PlyCount "64"]
[EventDate "2018.03.28"]
[EventType "swiss"]
[EventRounds "9"]
[EventCountry "ESP"]
[SourceTitle "Ajedrez en Madrid"]
[Source "lmi"]
[SourceDate "2018.03.28"]

1. e4 d6 2. d4 g6 3. Nc3 Bg7 4. f4 a6 5. Nf3 b5 6. a4 b4 7. Nb1 Bb7 8. Bd3 Nd7
9. O-O c5 10. d5 Ngf6 11. c4 bxc3 12. Nxc3 O-O 13. Qe2 Qc7 14. Bc4 Nb6 15. a5
Nxc4 16. Qxc4 Nd7 17. Bd2 Rae8 18. f5 Rb8 19. e5 Nxe5 20. Nxe5 Bxe5 21. Qh4 Bf6
22. Bg5 Bd4+ 23. Kh1 f6 24. fxg6 hxg6 25. Qh6 Rf7 26. Ne4 Bxd5 27. Rae1 Rbf8
28. Qxg6+ Rg7 29. Qf5 e6 30. Qf4 Bxe4 31. Qxe4 Be5 32. Qe3 Rxg5 0-1

[Event "45. Torneo Internacional La Roda 2018"]
[Site "La Roda ESP"]
[Date "2018.03.31"]
[Round "6.10"]
[White "Stankovic, Milos"]
[Black "Plazuelo Pascual, Juan"]
[Result "1/2-1/2"]
[WhiteElo "2416"]
[BlackElo "2330"]
[PlyCount "25"]
[EventDate "2018.03.28"]
[EventType "swiss"]
[EventRounds "9"]
[EventCountry "ESP"]
[SourceTitle "Ajedrez en Madrid"]
[Source "lmi"]
[SourceDate "2018.03.28"]

1. e4 e6 2. d4 d5 3. Nc3 Nf6 4. e5 Nfd7 5. f4 c5 6. Nf3 Nc6 7. Be3 Be7 8. Qd2
O-O 9. Be2 b6 10. O-O f5 11. Nd1 cxd4 12. Nxd4 Nxd4 13. Bxd4 1/2-1/2

[Event "45. Torneo Internacional La Roda 2018"]
[Site "La Roda ESP"]
[Date "2018.03.31"]
[Round "6.11"]
[White "Roig Aguilar, Alejandro"]
[Black "Merario Alarcon, Andres"]
[Result "0-1"]
[WhiteElo "2250"]
[BlackElo "2384"]
[PlyCount "64"]
[EventDate "2018.03.28"]
[EventType "swiss"]
[EventRounds "9"]
[EventCountry "ESP"]
[SourceTitle "Ajedrez en Madrid"]
[Source "lmi"]
[SourceDate "2018.03.28"]

1. d4 d5 2. c4 e6 3. Nc3 c6 4. cxd5 exd5 5. Bf4 Bf5 6. e3 Nf6 7. Nf3 Nbd7 8. h3
Be7 9. Be2 O-O 10. Nh4 Be6 11. Qc2 Ne4 12. Nf3 f5 13. g4 Rc8 14. Bd3 Qa5 15.
Ke2 Ndf6 16. Ng5 Bd7 17. gxf5 Bxf5 18. Ncxe4 dxe4 19. Bc4+ Nd5 20. Rag1 Kh8 21.
Be5 Bg6 22. Rg3 Bh5+ 23. f3 Bxg5 24. Bxg7+ Kxg7 25. Rxg5+ Bg6 26. Rhg1 Kh8 27.
fxe4 Qc7 28. R1g3 Qf7 29. Ke1 b5 30. Be2 Qf2+ 31. Kd2 Nf6 32. Rf3 Nxe4+ 0-1